Kentlinin sağlığı ve ihtiyaçları açısından büyük İstanbul'un yeşilalan sorunları ulusal sempozyumu (Record no. 2039)

MARC details
000 -BAŞLIK
Sabit Uzunlukta Kontrol Alanı 01031na a2200253 4500
001 - KONTROL NUMARASI
Denetim Alanı 16818
003 - KONTROL NUMARASI IDENTIFIER
Denetim Alanı MIRAKIL
005 - SON İŞLEM TARİHİ VE ZAMANI
Denetim Alanı 20181213154843.0
008 - SABİT-BOY VERİ ELEMANLARI - GENEL BİLGİLER
Sabit Uzunlukta Kontrol Alanı 161108b tu 000 0
035 ## - SİSTEM KONTROL NUMARASI
Sistem Kontrol Numarası 16818
040 ## - KATALOGLAMA KAYNAK
Orijinal Kataloglama Ajansı Milas
Kataloglama Dili tur
Metne Dönüştürmek Ajansı TR-AnCHP
041 ## - DİL KODU
Metin / Ses Parça Veya Ayrı Başlığın Dil Kodu tur
082 ## - DEWEY ONLU SINIFLANDIRMA NUMARASI
Sınıflandırma Numarası 307.1216
Ürün Numarası K35 1979
090 ## - SINIFLAMA NUMARASI
Sınıflama Numarası 307.1216 K35 1979
111 ## - ANA GİRİŞ - TOPLANTI ADI
Giriş Elemanı Olarak Toplantı Adı Veya Yargı Alanı Adı Kentlinin Sağlığı ve İhtiyaçları Açısından Büyük İstanbul'un Yeşilalan Sorunları Ulusal Sempozyumu
Toplantının Yeri İstanbul
Toplantı Veya Antlaşma İmzalandığı Tarihi 1978
245 ## - BAŞLIK TABLOSU
Başlık Kentlinin sağlığı ve ihtiyaçları açısından büyük İstanbul'un yeşilalan sorunları ulusal sempozyumu
Başlığın Kalan 22-24 Kasım 1978
Sorumluluk Tablosu, Vb İstanbul Üniversitesi Orman Fakültesi
260 ## - YAYIN, DAĞITIM, VB
Yayın, Dağıtım, Vb Yeri İstanbul
Yayıncı, Dağıtıcı, Vs Adı İstanbul Üniversitesi Orman Fakültesi Yayınları
Yayın, Dağıtım, Vb Tarihi 1979
300 ## - FİZİKSEL TANIM
Kapsam 426 s.
Diğer Fiziksel Ayrıntıları res.; hrt.
Boyutlar 24 sm.
440 ## - SERİSİ TABLOSU / KATMA GİRİŞİ - BAŞLIK
Başlık İstanbul Üniversitesi yayınları
Hacim / Ardışık Tanımı 2587
490 ## - SERİSİ TABLOSU
Seri Beyanı Orman Fakültesi yayınları
Hacim / Ardışık Tanımı 270
650 ## - KONU KATMA GİRİŞ - TOPİKAL DÖNEM
Topikal Süreli Veya Coğrafi Ad Giriş Elemanı Yeşil alan
Kronolojik Alt Bölümü Toplantılar
Coğrafi Alt Bölümü İstanbul
650 ## - KONU KATMA GİRİŞ - TOPİKAL DÖNEM
Topikal Süreli Veya Coğrafi Ad Giriş Elemanı Kent planlaması
Kronolojik Alt Bölümü Toplantılar
Coğrafi Alt Bölümü İstanbul
942 ## - EKLENDİ GİRİŞ ELEMANLARI (KOHA)
Sınıflandırma Veya Raf Düzeni Kaynak
Koha Öğesi Türü Books
999 ## - SİSTEM KONTROL NUMARALARI (KOHA)
Koha Biblionumber 2039
Koha Biblioitemnumber 2039
Holdings
Kalıcı Konum Mevcut Konum Edinme Tarihi Edinim Kaynak Toplam Check-Out'Lar Tam Çağrı Numarası Barkod Tarih Son Görülme İtibaren Geçerli Fiyatlar Koha Öğesi Türü
CHP Kütüphanesi CHP Kütüphanesi 10/14/2016 Bağış   307.1216 K35 1979 005741 10/14/2016 10/14/2016 Books